000 01085nac a22003257a 4500
001 BR7904066
003 BR-BrBNA
005 20240105114442.0
008 230509b bl.|||m| |||| 00| 0 por d
040 _aBR-BrBNA
_bpor
_cBiblioteca Nacional de Agricultura
072 _aF30
090 _a1930 BR7904066
100 1 _aFonseca, R.N.B. de B.
100 1 _aLima, J.O.A. de A.
100 1 _aRocha, J.C. da
100 1 _aGomes, H. de S.
100 1 _aMonteiro, I.D.
100 1 _aSilva, U.R. da
110 1 _aEmpresa de Pesquisa Agropecuaria da Bahia, Salvador (Brasil)
_94095
245 1 _aComparacao entre cultivares e hibridos de capim-elefante (Pennisetum purpureum Schum.)[competicao de variedade]
260 3 _aSalvador, BA (Brasil):
_c1979.
300 _a6 p.
490 _aComunicado Tecnico - Empresa de Pesquisa Agropecuaria da Bahia (Brazil)
_vno. 9
_xISSN 0100-4816
500 _a7 ref.
650 _aCAPIM ELEFANTE
650 _aCOMPETICAO DE VARIEDADE
650 _aHIBRIDO
909 _a202312
_bLúcia Elande
_c55
_dLúcia Elande
942 _2AGRIS
_n0
_cMS
999 _c269431
_d269431